000 00526cam a22001934a 4500
005 20250605164155.0
008 250528s ||||||||||||||||||||||||d
035 _a19572
020 _a9608065380
040 _aGR-AtMCL
_bgre
_dGR-AtMCL
_eAACR2
245 1 _aΕΦΑΡΜΟΣΜΕΝΗ ΒΙΟΜΗΧΑΝΙΚΗ ΟΙΚΟΝΟΜΙΚΗ
250 _a1
260 _bΖυγός,
_c2003
300 _a544
700 1 _aΟυσταπασιδης Κωνσταντινος
_95782
942 _cBK
999 _c4828
_d4828